Estudios y documentos de trabajo sobre empleo, remuneraciones y recursos humanos (Registro nro. 8916)

Detalles MARC
000 -LEADER
fixed length control field 00854nas a2200241 454500
001 - CONTROL NUMBER
control field 43783
005 - DATE AND TIME OF LATEST TRANSACTION
control field 20260407193511.0
008 - FIXED-LENGTH DATA ELEMENTS--GENERAL INFORMATION
fixed length control field 260407s1985####ag###########|||spa#d
003 - CONTROL NUMBER IDENTIFIER
control field AR-UNSa-BCEJYS
040 ## - CATALOGING SOURCE
Original cataloging agency AR-UNSa-BCEJYS
Language of cataloging spa
Transcribing agency AR-UNSa-BCEJYS
080 ## - UNIVERSAL DECIMAL CLASSIFICATION NUMBER
Universal Decimal Classification number 331.5
Common auxiliary subdivision Mercado de Trabajo. Empleo
041 ## - LANGUAGE CODE
Language code of text/sound track or separate title spa
100 1# - MAIN ENTRY--PERSONAL NAME
Personal name Argentina. Ministerio de Trabajo y Seguridad Social. Dirección Nacional de Recursos Humanos y Empleo
245 10 - TITLE STATEMENT
Title Estudios y documentos de trabajo sobre empleo, remuneraciones y recursos humanos
264 #1 - PRODUCTION, PUBLICATION, DISTRIBUTION, MANUFACTURE, AND COPYRIGHT NOTICE
Place of production, publication, distribution, manufacture Buenos Aires :
Name of producer, publisher, distributor, manufacturer [s.n.]
Date of production, publication, distribution, manufacture, or copyright notice 1985
310 ## - CURRENT PUBLICATION FREQUENCY
Current publication frequency Frecuencia: Irregular
590 ## - LOCAL NOTE (RLIN)
Local note niveau_biblio:s niveau_hierar:1
650 ## - SUBJECT ADDED ENTRY--TOPICAL TERM
Topical term or geographic name entry element Empleo
650 ## - SUBJECT ADDED ENTRY--TOPICAL TERM
Topical term or geographic name entry element Mercado de trabajo
650 ## - SUBJECT ADDED ENTRY--TOPICAL TERM
Topical term or geographic name entry element Salario
856 41 - ELECTRONIC LOCATION AND ACCESS
Uniform Resource Identifier <a href="https://biblioeco.unsa.edu.ar/pmb/images/revistas/R21384.jpg">https://biblioeco.unsa.edu.ar/pmb/images/revistas/R21384.jpg</a>
Link text Imagen de portada
Electronic format type image/jpeg
942 ## - ADDED ENTRY ELEMENTS (KOHA)
Koha item type
Existencias
Withdrawn status Lost status Damaged status Not for loan Home library Current library Shelving location Date acquired Serial enumeration / chronology Total checkouts Full call number Barcode Date last seen Price effective from Koha item type
        Biblioteca Prof. Eusebio Cleto del Rey Biblioteca Prof. Eusebio Cleto del Rey   01/12/1986 dic. 1986   H331.5 EST 12.1986 R21385 10/04/2026 10/04/2026 Numero
        Biblioteca Prof. Eusebio Cleto del Rey Biblioteca Prof. Eusebio Cleto del Rey   01/04/1986 abr. 1986   H331.5 EST 4.1986 R21384 10/04/2026 10/04/2026 Numero